00666nam a2200181 a 450000100100000000500170001000800410002702000150006804000250008308200190010810000310012724500930015826000350025130000320028670000320031895201170035099900170046700004435520201002045321.0140624s1999 dr a 000 0 spa d z848952548x aDO-SdBNPbspacBNPHU axxxxxxbxxxxxx1 aContreras, Brisilda97236510aFisica 1 manual de práctica de laboratorio /cBrisilda Contreras, Antonio Fernández. aSanto Domingo :bIntec,c1999. aiii, 54 p. :bil. ;c28 cm.1 aFernández, Antonio922068 0010718PDaPDbPDcHDd2014-06-24iLF1l0oxxxxxx xxxxxxp44355-10r2020-06-25w2020-06-25yLFPDZNo se presta c43844d43844